| 000 | 00533nam a2200157 4500 | ||
|---|---|---|---|
| 008 | 020403s1971 enk engYA | ||
| 020 | _a0536005656 | ||
| 090 |
_aLB1025.2 _bSm6 |
||
| 100 | 1 | _aSmith, M. Daniel | |
| 245 | 1 | 0 |
_aTheoretical foundations of learning and teaching / _cM. Daniel Smith. |
| 260 |
_aLexicon : _bXerox College, _cc1971. |
||
| 300 |
_a282 p. : _bcharts |
||
| 650 | 4 |
_aLearning and scholarship _xCommunication theory. |
|
| 650 | 4 | _aTeaching. | |
| 951 |
_p10201 _x00013750 _oLB1025.2/Sm6 _j070613111055421 _d2000-12-21 _cGC |
||
| 999 |
_c7109 _d7109 |
||